Länder Europa's in Alphabetischer Reihenfolge - Statistiken

Allgemein
  • Dieses Quiz wurde 260 mal gespielt
  • Das Durchschnittsergebnis liegt bei 35 aus 45
Antworten auf der Karte
Die Antworten werden auf der Karte rot bzw. grün angezeigt, abhängig davon wie oft sie richtig erraten wurden.
 
Antwortstatistiken
Antwort % Korrekt
Albanien
99%
Andorra
98%
Belgien
92%
Belarus
91%
Deutschland
89%
Bosnien und Herzegowina
88%
Estland
88%
Bulgarien
87%
Dänemark
87%
Finnland
86%
Frankreich
86%
Griechenland
85%
Irland
84%
Island
83%
Italien
79%
Lettland
78%
Litauen
78%
Luxemburg
78%
Kroatien
76%
Liechtenstein
76%
Kosovo
74%
Monaco
74%
Malta
73%
Moldawien
72%
Niederlande
72%
Nordmazedonien
72%
Norwegen
72%
Portugal
72%
Polen
71%
Russland
71%
Montenegro
70%
Rumänien
70%
Schweden
70%
Österreich
69%
Spanien
69%
Vatikan- Stadt
69%
Schweiz
68%
Slowakei
68%
Slowenien
68%
Vereinigtes Königreich
68%
Serbien
67%
San Marino
66%
Tschechien
66%
Ukraine
66%
Ungarn
66%
Keine übereinstimmenden Quizze gefunden
Verteilung der Resultate
Anzahl Personen mit jedem Resultat
Perzentil nach korrekt beantworteten Fragen
Ihre Resultats-Entwicklung
Sie haben dieses Quiz noch nicht gespielt